00205nam a22000977a 4500003000400000082001300004100002100017245003800038260002300076300000800099SGT a658bKAP aKAPOOR, SATISH K aBASICS OF DISTRIBUTION MANAGEMENT bPHI LEARNINGc2016 a260